00712nam a2200217 a 450000100060000000300080000600500170001400800410003102000150007203500190008704000350010604100080014108200260014910000340017524500590020926000830026830000390035150400520039065000240044270000280046615652BD-RjUL20240924161309.0161003s20082005ii a sb 000 0 eng d a8122416160 a(BD-RjUL)15707 aCaPaEBRcBD-RjULbengdBD-RjUL aeng 223a658.404bMIM 20051 aMishra, R. C.q(Rama Chandra)10aModern project management /cR.C. Mishra, Tarun Soota. aNew Delhi :bNew Age International (P) Ltd., Publishers,cc2005 [Reprint 2008] axii, 220, [1] p. :bill. ;c24 cm. aIncludes bibliographical references (p. [221]). 0aProject management.1 aSoota, Tarun, jt. auth.